[Event "RUS-chT B4 corr"]
[Site "Russia"]
[Date "1996.??.??"]
[Round "?"]
[White "Kasianov, Valery"]
[Black "Matyukhin, Sergey Konstantinov"]
[Result "1/2-1/2"]
[WhiteElo "2265"]
[BlackElo "2501"]
[PlyCount "93"]
[EventDate "1996.??.??"]
[EventType "team-tourn (corr)"]
[EventRounds "18"]
[EventCountry "RUS"]
[SourceTitle "Corr 2011"]
[Source "ChessBase"]
[SourceDate "2010.08.31"]
[SourceVersion "1"]
[SourceVersionDate "2010.08.31"]
[SourceQuality "1"]

1. d4 Nf6 2. Nf3 g6 3. Bg5 Bg7 4. Nbd2 d5 5. e3 0-0 6. c3 Nbd7 7. Bd3 Re8 8. Qb3 c5 9. Bxf6 Nxf6 10. dxc5 Qc7 11. Bb5 Rd8 12. Qa3 Bg4 13. Rc1 a6 14. Be2 a5 15. c4 Ne4 16. cxd5 Nxd2 17. Nxd2 Bxe2 18. Kxe2 Rxd5 19. Rc2 Qd7 20. Rhc1 Rd8 21. Nf3 Rd1 22. Nd4 Bxd4 23. Rxd1 Qg4+ 24. Ke1 Qxd1+ 25. Kxd1 Bxb2+ 26. Qd3 Rxd3+ 27. Ke2 Rc3 28. Rxb2 Rxc5 29. Rxb7 Rc2+ 30. Kf3 e6 31. a3 Rc3 32. h4 Rxa3 33. Ra7 h6 34. g4 Ra4 35. Kg3 Kg7 36. g5 h5 37. Kh3 Ra2 38. Kg3 a4 39. Kf3 a3 40. Kg3 Kf8 41. f3 Ra1 42. Kf4 a2 43. e4 Kg7 44. Ra8 Rh1 45. Rxa2 Rxh4+ 46. Kg3 Rh1 47. e5 1/2-1/2